Narendra Modi: (Record no. 166748)

MARC details
000 -LEADER
fixed length control field 00699nam a22002057a 4500
005 - DATE AND TIME OF LATEST TRANSACTION
control field 20190807124704.0
010 ## - LCCN (DPL NO)
LC control number ENG-126143
020 ## - INTERNATIONAL STANDARD BOOK NUMBER
Terms of availability 650.00
International Standard Book Number 978-93-220-0845-1
035 ## - SYSTEM CONTROL NUMBER
System control number EN-109675
037 ## - SOURCE OF ACQUISITION
Source of stock number/acquisition DBAD/PUB
082 ## - DEWEY DECIMAL CLASSIFICATION NUMBER
Classification number 954.0533
100 ## - MAIN ENTRY--PERSONAL NAME
Personal name Balashankar,R.
245 ## - TITLE STATEMENT
Title Narendra Modi:
Statement of responsibility, etc byR.Balashankar
Remainder of title The Vogue English Literature/
260 ## - PUBLICATION, DISTRIBUTION, ETC. (IMPRINT)
Name of publisher, distributor, etc Konark Publisher Pvt Ltd
Place of publication, distribution, etc New Dilhi
Date of publication, distribution, etc 2019
270 ## - ADDRESS
City New Delhi
Address 206,First Floor,Peacock lane,Shahpur jat,
Postal code 110049
Telephone number +91-11-41055065
Electronic mail address india@konarkpublishers.com
300 ## - PHYSICAL DESCRIPTION
Extent xix270p.
Dimensions 24cm(hb)
500 ## - GENERAL NOTE
General note it includes index and bibliography
700 ## - ADDED ENTRY--PERSONAL NAME
Personal name R. Balashankar
942 ## - ADDED ENTRY ELEMENTS (KOHA)
Source of classification or shelving scheme Dewey Decimal Classification
Item type English Books
Classification part 954.0533
Call number suffix BAL
Holdings
Withdrawn status Lost status Not for loan Collection code Home library Current library Date acquired Source of acquisition Cost, normal purchase price Full call number Barcode Copy number Cost, replacement price Koha item type
      Non-fiction D.B.Act.Division Mobile Library 07/08/2019 DBAD/PUB 650.00 954.0533 BAL EN-109675 1 650.00 English Books

© Delhi Public Library
Hit Counter
free hit counter